1011 1175 1535 1911 1596 1187 1481 1508 1382 1319 1135 1989 1622 1094 1971 1019 1111 1845 1361 1433 1636 1918 1501 1285 1843 1165 1232 1696 1618 1651 1024 1570 1865 1782 1170 1183 1836 1923 1527 1219 1812 1348 1539 1899 1834 1746 1219 1994 1730 1311 1991 1706 1596 1162 1836 1493 1767 1692 1885 1463 1139 1576 1524 1444 1345 1153 1249 1162 1488 1969 1707 1972 1302 1780 1253 1905 1451 1752 1050 1228 1951 1732 1242 1045 1219 1055 1475 1400 1691 1964 1422 1337 1348 1849 1284 1794 1460 1435 1420 BCNSPRNW ULIB Ver.6.0+V

เปลี่ยนเป็นภาษาไทย

Change to English
 แสดงรายละเอียดบรรณานุกรม
  กลับหน้าหลัก

Brief Record : Get Marc (ISO 2709) : E-mail record : QR code < ปิดหน้าต่าง
LEADER : 00000nam 2200000uu 4500
001    13399129160
003     ULIB
008    250903s2023||||th 000 0 tha d
020    ^a9780323775625
060  4 ^aWS100^bM424N
100 1  ^aMarcdante, Karen j.
245 1  ^aNelson essentials of pediatrics /^cKaren J. Marcdante, MD. Professor of Pediatrics, Medical College of Wisconsin, Children s Hospital of Wisconsin, Milwaukee, Wisconsin, Robert M. Kliegman, MD. Professor of Pediatrics Medical College of Wisconsin Milwaukee, Wisconsin, Abigail M. Schuh, MD, MMHPE. Assistant Professor of Pediatrics, Division Pediatrics Emergency Medicine, Medical College of Wisconsin, Milwaukee, Wisconsin.
246 3  ^aEssentials of pediatrics
250    ^a9 edition.
250    ^a9th ed.
260    ^aPhiladelphia, Pa. :^bElsevier,^c2023.
300    ^axii, 829 pages :^billustrations (some color), charts ;^c27 cm
505 0  ^aSection 1. The profession of pediatrics -- Section 2. Growth and development -- Section 3. Behavioral disorders -- Section 4. Psychiatric disorders -- Section 5. Psychosocial issues -- Section 6. Pediatric nutrition and nutritional disorders -- Section 7. Fluids and electrolytes -- Section 8. The acutely ill or injured child -- Section 9. Human genetics and dysmorphology -- Section 10. Metabolic disorders -- Section 11. Fetal and neonatal medicine -- Section 12. Adolescent medicine -- Section 13. Immunology -- Section 14. Allergy -- Section 15. Rheumatic diseases of childhood -- Section 16. Infectious diseases -- Section 17. The digestive system -- 18. The respiratory system -- Section 19. The cardiovascular system -- Section 20. Hematology -- Section 21. Oncology -- Section 22. Nephrology and urology -- Section 23. Endocrinology -- Section 24. Neurology -- Section 25. Dermatology -- Section 26. Orthopedics.
505 0  ^aThe profession of pediatrics -- Growth and development -- Behavioral disorders -- Psychiatric disorders -- Psychosocial issues -- Pediatric nutrition and nutritional disorders -- Fluids and electrolytes -- The acutely ill or injured child -- Human genetics and dysmorphology -- Metabolic disorders -- Fetal and neonatal medicine -- Adolescent medicine -- Immunology -- Allergy -- Rheumatic diseases of childhood -- Infectious diseases -- The digestive system -- The respiratory system -- The cardiovascular system -- Hematology -- Oncology -- Nephrology and urology -- Endocrinology -- Neurology -- Dermatology -- Orthopedics.
650  0 ^aPediatrics.
700 1  ^aKliegman, Robert m.^eAuthor.
700 1  ^aSchuh, Abigail m.^eAuthor.
945    ^p3015^l0^i011932
999    ^aประนอม เกษจรัล
รายการนี้ยังไม่มีแท็ก
คุณยังไม่ได้ล็อกอิน คุณสามารถมีกิจกรรมร่วมกับเว็บไซต์ได้ แต่ต้องล็อกอินก่อน ::
  ล็อกอิน

รายการสื่อสารสนเทศ

ลำดับที่ ประเภท เลขเรียก/บาร์โค้ด สถานที่ สถานะ
1. วิทยาศาสตร์การแพทย์ และสุขภาพ
หนังสือสำรอง
สถานะ=หนังสือสำรอง
WS100 M424N ฉ.1 
  Barcode: 011932
ห้องสมุดวิทยาเขตสวรรค์ประชารักษ์
►หนังสือทั่วไป
บนชั้น

BibComment


ยังไม่เคยถูกคอมเมนท์

คอมเมนท์ทรัพยากรรายการนี้
  คอมเมนท์: Nelson essential..


 Copyright 2026. Bcnsprnw @Library